000
00278nam a2200097Ia 4500
001
1072734
005
20250827002148.0
008
250824s9999 xx 000 0 und d
245
0
_a
BİR DEVLETE ADINI VEREN ATA SELÇUK BEY
_c
AHMET HALDUN TERZİOĞLU
260
_b
PANAMA YAYINLARI
999
_c
1072734
_d
1072734